湖南省地图 Hunan Map Quiz - Statistics

General Stats
  • This quiz has been taken 3 100 times
  • The average score is 11 of 14
Answers on the Map
Answers color-coded by a green-red scale on the quiz's map according to % correct below.
 
Answer Stats
区划 % Correct
长沙市
100%
湘潭市
88%
株洲市
86%
岳阳市
85%
湘西土家族苗族自治州
84%
张家界市
81%
郴州市
80%
衡阳市
77%
常德市
75%
怀化市
71%
娄底市
69%
永州市
69%
邵阳市
67%
益阳市
66%
No matching quizzes found
Score Distribution
Percent of People with Each Score
Percentile by Number Answered
Your Score History
You have not taken this quiz